[Event "XVI Festival B"]
[Site "Robecchetto con Induno ITA"]
[Date "2005.12.28"]
[Round "3"]
[White "Cardani, Roberto"]
[Black "Bernasconi, Roberto"]
[Result "0-1"]
[WhiteElo "1860"]
[BlackElo "1853"]
[PlyCount "88"]
[EventDate "2005.12.27"]

1. e4 e5 2. Nf3 Nf6 3. Nxe5 d6 4. Nf3 Nxe4 5. d4 d5 6. Bd3 Be7 7. O-O Nc6 8. c4
Nf6 9. Nc3 O-O 10. h3 Nb4 11. Be2 dxc4 12. Bxc4 c6 13. Re1 Nbd5 14. Bg5 h6 15.
Bh4 Bf5 16. Ne5 Nb6 17. Bf1 Nfd5 18. Bg3 Bh4 19. Qf3 Bxg3 20. Qxf5 Bxe5 21.
dxe5 Nxc3 22. bxc3 Qd7 23. Qxd7 Nxd7 24. Rad1 Rad8 25. e6 fxe6 26. Rxe6 Nc5 27.
Red6 Rxd6 28. Rxd6 Re8 29. Bc4+ Kf8 30. Kf1 Re4 31. Rd4 Ke7 32. Bb3 Rxd4 33.
cxd4 Nxb3 34. axb3 Kd6 35. Ke2 Kd5 36. Kd3 a5 37. f4 b5 38. f5 a4 39. bxa4 bxa4
40. g4 a3 41. Kc3 a2 42. Kb2 a1=Q+ 43. Kxa1 Kxd4 44. h4 Ke4 0-1

[Event "XVI Festival B"]
[Site "Robecchetto con Induno ITA"]
[Date "2005.12.28"]
[Round "3"]
[White "Di Donato, Giovanni"]
[Black "Revinelli, Sergio"]
[Result "0-1"]
[WhiteElo "1993"]
[BlackElo "1840"]
[PlyCount "102"]
[EventDate "2005.12.27"]

1. e4 e5 2. Bc4 Nc6 3. Nf3 Nf6 4. d3 Bc5 5. Nc3 d6 6. Bg5 h6 7. Bxf6 Qxf6 8.
Nd5 Qd8 9. c3 a6 10. d4 Ba7 11. h3 O-O 12. O-O exd4 13. cxd4 Ne7 14. Nf4 c6 15.
Bb3 d5 16. e5 Bf5 17. Bc2 Rc8 18. Bxf5 Nxf5 19. Qd3 Nh4 20. Kh2 Qe7 21. Rae1
Bb8 22. Nxh4 Qxh4 23. g3 Qg5 24. h4 Qe7 25. Qf5 g6 26. Qg4 Kh7 27. h5 Rg8 28.
hxg6+ fxg6 29. Re3 Rce8 30. Nd3 b6 31. f4 Qe6 32. Qf3 Ref8 33. g4 Qe7 34. Kh3
Rf7 35. Qf2 Rgf8 36. Rf3 c5 37. dxc5 bxc5 38. Qxc5 Qxc5 39. Nxc5 Bxe5 40. Nd3
Bd6 41. b3 Kg7 42. Kg2 Kg8 43. f5 gxf5 44. Rxf5 Rxf5 45. gxf5 Kf7 46. Rh1 Rg8+
47. Kf2 Rg5 48. Rxh6 Rxf5+ 49. Ke3 Ke7 50. Rh7+ Ke6 51. Ra7 Re5+ 0-1

[Event "XVI Festival B"]
[Site "Robecchetto con Induno ITA"]
[Date "2005.12.28"]
[Round "3"]
[White "Orsi, Matteo"]
[Black "Bettini, Massimo"]
[Result "1-0"]
[WhiteElo "1877"]
[BlackElo "1923"]
[PlyCount "93"]
[EventDate "2005.12.27"]

1. d4 Nf6 2. c4 g6 3. Nc3 Bg7 4. e4 d6 5. Nge2 O-O 6. Ng3 e5 7. d5 a5 8. Be2
Na6 9. O-O Nc5 10. Bg5 Bd7 11. Qc2 Qe8 12. Rae1 Kh8 13. f4 Ng8 14. f5 f6 15.
Be3 b6 16. fxg6 hxg6 17. Nb5 Bxb5 18. cxb5 Bh6 19. Bxh6 Nxh6 20. a4 Kg7 21. Rf2
Rf7 22. Bd1 Qh8 23. Ref1 Qh7 24. h3 Rh8 25. Qe2 Ng8 26. Qg4 Ne7 27. Nf5+ Kf8
28. Ne3 Kg7 29. Qg3 Nd3 30. Nf5+ Nxf5 31. Qxd3 Nd4 32. Bg4 Rhf8 33. Be6 Re7 34.
Rc1 Qh4 35. Rc4 Nxe6 36. dxe6 Rxe6 37. Rxc7+ Rf7 38. Rc6 f5 39. Rxd6 Rxd6 40.
Qxd6 Qxe4 41. Qd1 Qd4 42. Qxd4 exd4 43. Kf1 Rd7 44. Ke2 Kf6 45. Kd3 Ke5 46. Rc2
Kd5 47. Rc6 1-0

[Event "XVI Festival B"]
[Site "Robecchetto con Induno ITA"]
[Date "2005.12.28"]
[Round "3"]
[White "Pepa, Syrja"]
[Black "Schingaro, Angelo"]
[Result "1/2-1/2"]
[WhiteElo "1769"]
[BlackElo "1760"]
[PlyCount "40"]
[EventDate "2005.12.27"]

1. e4 c6 2. d4 d5 3. Nc3 dxe4 4. Nxe4 Nd7 5. Nf3 Ngf6 6. Ng3 e6 7. Bc4 Be7 8.
O-O O-O 9. Re1 Nb6 10. Bb3 a5 11. c4 a4 12. Bc2 Nxc4 13. Bxa4 Nb6 14. Bc2 Nbd5
15. a3 Qc7 16. Qd3 b6 17. Nh5 Ba6 18. Nxf6+ Nxf6 19. Qe3 c5 20. Bb3 c4 1/2-1/2

[Event "XVI Festival B"]
[Site "Robecchetto con Induno ITA"]
[Date "2005.12.28"]
[Round "4"]
[White "Cardani, Roberto"]
[Black "Orsi, Matteo"]
[Result "1-0"]
[WhiteElo "1860"]
[BlackElo "1877"]
[PlyCount "73"]
[EventDate "2005.12.27"]

1. e4 c6 2. d4 d5 3. Nc3 dxe4 4. Nxe4 Bf5 5. Ng3 Bg6 6. h4 h6 7. Nf3 Nd7 8. h5
Bh7 9. Bd3 Bxd3 10. Qxd3 Qc7 11. Bd2 Ngf6 12. O-O-O O-O-O 13. Ne4 e6 14. g3
Nxe4 15. Qxe4 Nf6 16. Qe2 Nd5 17. c4 Nf6 18. Kb1 Bd6 19. Bc3 Rhe8 20. Ne5 c5
21. f4 cxd4 22. Bxd4 Bc5 23. Bxc5 Rxd1+ 24. Rxd1 Qxc5 25. Nxf7 Kb8 26. g4 Nxh5
27. Nd6 Rd8 28. Ne4 Qc7 29. Rxd8+ Qxd8 30. gxh5 Qd4 31. Kc2 Qd7 32. b3 Qf7 33.
Qd3 a6 34. Qd6+ Ka7 35. Qe5 Ka8 36. Nd6 Qe7 37. Qc5 1-0

[Event "XVI Festival B"]
[Site "Robecchetto con Induno ITA"]
[Date "2005.12.28"]
[Round "4"]
[White "Schingaro, Angelo"]
[Black "Di Donato, Giovanni"]
[Result "0-1"]
[WhiteElo "1760"]
[BlackElo "1993"]
[PlyCount "80"]
[EventDate "2005.12.27"]

1. Nf3 d5 2. b3 Bf5 3. Bb2 f6 4. e3 e5 5. c4 c6 6. Nc3 Na6 7. d3 Bb4 8. a3
Bxc3+ 9. Bxc3 Ne7 10. Nh4 Be6 11. e4 dxe4 12. dxe4 Qxd1+ 13. Rxd1 Nc5 14. Bd3
O-O-O 15. Bc2 Rxd1+ 16. Kxd1 Bg4+ 17. f3 Be6 18. g4 g5 19. Nf5 Ng6 20. Kc1 h5
21. b4 Nd7 22. Ng7 Bxc4 23. Nxh5 Nh4 24. Bd1 Bf7 25. Ng3 Nb6 26. Be2 Nc4 27.
Bxc4 Bxc4 28. Rd1 Nxf3 29. Rd6 Nxh2 30. Rxf6 Nxg4 31. Rg6 Rh3 32. Be1 Nh2 33.
Nf5 Ba6 34. Rh6 g4 35. Bg3 Nf1 36. Bxe5 Rxh6 37. Nxh6 g3 38. Nf5 g2 39. Bd4 b6
40. Nh4 Ng3 0-1

[Event "XVI Festival B"]
[Site "Robecchetto con Induno ITA"]
[Date "2005.12.29"]
[Round "5"]
[White "Bernasconi, Roberto"]
[Black "Pepa, Syrja"]
[Result "1/2-1/2"]
[WhiteElo "1853"]
[BlackElo "1769"]
[PlyCount "51"]
[EventDate "2005.12.27"]

1. e4 e5 2. Nf3 Nc6 3. Nc3 Nf6 4. d4 exd4 5. Nxd4 Nxd4 6. Qxd4 d6 7. Bg5 Be7 8.
O-O-O h6 9. Bh4 Nh5 10. Bxe7 Qxe7 11. Nd5 Qd8 12. Be2 Nf6 13. Rhe1 O-O 14. Rd3
Nxd5 15. exd5 Bf5 16. Rg3 Bg6 17. Bh5 Kh7 18. Bxg6+ fxg6 19. Re6 Rf6 20. Qe4
Rxe6 21. dxe6 Qf6 22. Rf3 Qg5+ 23. Re3 Re8 24. f4 Qf5 25. h3 h5 26. Kd1 1/2-1/2

[Event "XVI Festival B"]
[Site "Robecchetto con Induno ITA"]
[Date "2005.12.29"]
[Round "5"]
[White "Bettini, Massimo"]
[Black "Schingaro, Angelo"]
[Result "1/2-1/2"]
[WhiteElo "1923"]
[BlackElo "1760"]
[PlyCount "55"]
[EventDate "2005.12.27"]

1. e4 c6 2. d4 d5 3. e5 Bf5 4. Nc3 e6 5. g4 Bg6 6. Nge2 c5 7. h4 h5 8. Nf4 cxd4
9. Nxg6 fxg6 10. Qxd4 Nc6 11. Bb5 a6 12. Bxc6+ bxc6 13. Qd3 Ne7 14. Bg5 Kf7 15.
Rg1 Qb6 16. Bxe7 Kxe7 17. Qxg6 Qxb2 18. Kd2 Qb4 19. Rab1 Qd4+ 20. Kc1 Qxc3 21.
Rd1 Qxe5 22. Rb7+ Kd6 23. Qf7 Qa1+ 24. Kd2 Qd4+ 25. Kc1 Qa1+ 26. Kd2 Qd4+ 27.
Ke2 Qxg4+ 28. Ke1 1/2-1/2

[Event "XVI Festival B"]
[Site "Robecchetto con Induno ITA"]
[Date "2005.12.29"]
[Round "5"]
[White "Orsi, Matteo"]
[Black "Di Donato, Giovanni"]
[Result "1-0"]
[WhiteElo "1877"]
[BlackElo "1993"]
[PlyCount "120"]
[EventDate "2005.12.27"]

1. d4 d5 2. c4 c6 3. Nc3 Nf6 4. Nf3 a6 5. cxd5 cxd5 6. Qb3 Nc6 7. Bg5 Na5 8.
Qc2 b5 9. e3 Nc4 10. Bd3 h6 11. Bh4 Bb7 12. O-O Rc8 13. Qe2 Qa5 14. Rfc1 e6 15.
Bxf6 gxf6 16. e4 Bb4 17. exd5 Bxc3 18. Rxc3 Bxd5 19. Rac1 Kd7 20. b3 Nd6 21.
Rxc8 Rxc8 22. Rxc8 Kxc8 23. Qd2 Qb6 24. Qxh6 Bxf3 25. gxf3 Qxd4 26. Qc1+ Kd7
27. Qc2 f5 28. a4 bxa4 29. bxa4 a5 30. Bb5+ Nxb5 31. axb5 Qb6 32. Qc4 Qc7 33.
Qd4+ Ke7 34. Qh4+ Kd6 35. Qd4+ Ke7 36. h4 e5 37. Qd3 Kf6 38. Qd5 a4 39. Qa8
Qc1+ 40. Kg2 a3 41. b6 Qb2 42. b7 a2 43. b8=Q Qxb8 44. Qxb8 a1=Q 45. Qh8+ Ke6
46. h5 Qa4 47. h6 e4 48. f4 e3 49. Qe5+ Kd7 50. Qxf5+ Ke7 51. Qe5+ Kd7 52. Qxe3
Qc6+ 53. Qf3 Qxh6 54. Qh3+ Qe6 55. Qxe6+ Kxe6 56. Kg3 Kf5 57. Kf3 Kf6 58. Ke4
Ke6 59. f5+ Kd6 60. Kf4 f6 1-0

[Event "XVI Festival B"]
[Site "Robecchetto con Induno ITA"]
[Date "2005.12.29"]
[Round "5"]
[White "Revinelli, Sergio"]
[Black "Cardani, Roberto"]
[Result "1-0"]
[WhiteElo "1840"]
[BlackElo "1860"]
[PlyCount "61"]
[EventDate "2005.12.27"]

1. e4 c5 2. Nf3 d6 3. d4 cxd4 4. Nxd4 Nf6 5. Nc3 a6 6. Be2 e5 7. Nb3 Be7 8. a4
Be6 9. O-O O-O 10. f4 Qc7 11. Kh1 Nbd7 12. f5 Bc4 13. g4 d5 14. exd5 Bxe2 15.
Qxe2 Nb6 16. Qg2 Rfd8 17. g5 Nfxd5 18. a5 Nxc3 19. axb6 Qc4 20. bxc3 Qxc3 21.
f6 Bb4 22. fxg7 Rd7 23. Rb1 Rad8 24. Bb2 Qe3 25. Qf3 Qxg5 26. Rg1 Qe7 27. Qe4
f6 28. Rbf1 Qd6 29. Rf3 Rxg7 30. Rxg7+ Kxg7 31. Rd3 1-0

[Event "XVI Festival B"]
[Site "Robecchetto con Induno ITA"]
[Date "2005.12.29"]
[Round "6"]
[White "Bernasconi, Roberto"]
[Black "Schingaro, Angelo"]
[Result "1/2-1/2"]
[WhiteElo "1853"]
[BlackElo "1760"]
[PlyCount "100"]
[EventDate "2005.12.27"]

1. e4 e5 2. Nf3 Nc6 3. Nc3 Nf6 4. d4 exd4 5. Nxd4 Bb4 6. Nxc6 Bxc3+ 7. bxc3
bxc6 8. Bd3 d6 9. Bf4 O-O 10. O-O Re8 11. Re1 Bg4 12. Qd2 Nd7 13. Bg5 f6 14.
Be3 Be6 15. f4 a5 16. Qf2 Rb8 17. a3 Rb2 18. Bc1 Ra2 19. Rxa2 Bxa2 20. Qa7 Qb8
21. Qxa5 Qb6+ 22. Qxb6 cxb6 23. Kf2 Ra8 24. Bb2 Ra4 25. Ra1 Bc4 26. Ke3 Nc5 27.
g4 g6 28. h4 Kf7 29. g5 d5 30. exd5 cxd5 31. Rd1 Bxd3 32. cxd3 Ne6 33. c4 dxc4
34. dxc4 Rxc4 35. Bxf6 Nxf4 36. Rd7+ Ke6 37. Re7+ Kd6 38. Rxh7 Nd5+ 39. Kd3
Nxf6 40. gxf6 Rf4 41. f7 Ke7 42. Kc3 Rg4 43. h5 gxh5 44. Rxh5 Kxf7 45. Rh6 Ra4
46. Kb3 Ra6 47. Kb4 Ke7 48. a4 Kd7 49. Kb5 Ra5+ 50. Kxb6 Rxa4 1/2-1/2

[Event "XVI Festival B"]
[Site "Robecchetto con Induno ITA"]
[Date "2005.12.29"]
[Round "6"]
[White "Di Donato, Giovanni"]
[Black "Bettini, Massimo"]
[Result "0-1"]
[WhiteElo "1993"]
[BlackElo "1923"]
[PlyCount "44"]
[EventDate "2005.12.27"]

1. e4 e5 2. Bc4 Nf6 3. d3 Nc6 4. Nf3 Bc5 5. Nc3 d6 6. Bg5 Bg4 7. h3 Bxf3 8.
Qxf3 Nd4 9. Qd1 c6 10. Ne2 Ne6 11. Bxe6 fxe6 12. O-O O-O 13. c3 Qe8 14. Kh1 Qh5
15. f4 Ng4 16. d4 Ne3 17. Qd3 Nxf1 18. dxc5 Qxe2 19. Qxd6 exf4 20. Bxf4 Rf6 21.
h4 Rg6 22. g3 Qh2# 0-1

[Event "XVI Festival B"]
[Site "Robecchetto con Induno ITA"]
[Date "2005.12.29"]
[Round "6"]
[White "Orsi, Matteo"]
[Black "Revinelli, Sergio"]
[Result "1-0"]
[WhiteElo "1877"]
[BlackElo "1840"]
[PlyCount "23"]
[EventDate "2005.12.27"]

1. d4 d5 2. c4 c6 3. Nc3 e6 4. Nf3 Nf6 5. Qc2 Bd6 6. Bg5 Nbd7 7. cxd5 cxd5 8.
e3 Qc7 9. Bd3 e5 10. Nb5 Qa5+ 11. Nd2 Bb8 12. Qxc8+ 1-0

[Event "XVI Festival B"]
[Site "Robecchetto con Induno ITA"]
[Date "2005.12.29"]
[Round "6"]
[White "Pepa, Syrja"]
[Black "Cardani, Roberto"]
[Result "1-0"]
[WhiteElo "1769"]
[BlackElo "1860"]
[PlyCount "125"]
[EventDate "2005.12.27"]

1. e4 c5 2. Nf3 d6 3. d4 cxd4 4. Nxd4 Nf6 5. Nc3 a6 6. f3 e5 7. Nb3 Be6 8. Bg5
Be7 9. Qd2 Nbd7 10. O-O-O O-O 11. f4 Rc8 12. Kb1 Qc7 13. f5 Bc4 14. Bd3 b5 15.
g4 b4 16. Ne2 Rfe8 17. h4 a5 18. Bxf6 Nxf6 19. g5 Nd7 20. Ng3 a4 21. Nc1 d5 22.
Bxc4 Qxc4 23. exd5 Bc5 24. Qe2 Bd4 25. Qxc4 Rxc4 26. Nd3 e4 27. Rhe1 e3 28. Ne2
Bb6 29. Rh1 Ree4 30. b3 axb3 31. axb3 Rc8 32. Rdf1 Nc5 33. Rf4 Rce8 34. Rxe4
Rxe4 35. Nxc5 Bxc5 36. Rd1 Kf8 37. d6 Ke8 38. Rd5 Bb6 39. Rb5 Bd8 40. c4 bxc3
41. Kc2 Rxh4 42. Re5+ Kd7 43. Rxe3 Bxg5 44. Rxc3 Rh2 45. Kd3 Rh3+ 46. Ke4 Rxc3
47. Nxc3 Kxd6 48. b4 Bd2 49. Nd5 h5 50. b5 Be1 51. Nf4 h4 52. Kf3 Kc5 53. Nd3+
Kxb5 54. Nxe1 Kc5 55. Kg4 h3 56. Kxh3 Kd5 57. Kg4 g6 58. f6 Ke6 59. Kg5 Kd7 60.
Ng2 Ke8 61. Kh6 Kf8 62. Kh7 g5 63. Ne3 1-0

[Event "XVI Festival C"]
[Site "Robecchetto con Induno ITA"]
[Date "2005.12.27"]
[Round "1"]
[White "Cillo, Angelo"]
[Black "Greco, Umberto"]
[Result "1-0"]
[WhiteElo "1738"]
[BlackElo "1605"]
[PlyCount "53"]
[EventDate "2005.12.27"]

1. d4 d5 2. e3 Nf6 3. Bd3 e6 4. Nd2 c5 5. c3 b6 6. f4 Ba6 7. Bxa6 Nxa6 8. Ngf3
Bd6 9. Ne5 Nb8 10. O-O O-O 11. Qf3 c4 12. e4 b5 13. Nxf7 Rxf7 14. e5 Be7 15.
exf6 Rxf6 16. b3 Nd7 17. Bb2 Qb6 18. bxc4 Raf8 19. c5 Nxc5 20. dxc5 Bxc5+ 21.
Kh1 Rxf4 22. Qe2 Rf2 23. Rxf2 Rxf2 24. Qd3 Be3 25. Rd1 Bxd2 26. Rxd2 Qe3 27.
Qxe3 1-0

[Event "XVI Festival C"]
[Site "Robecchetto con Induno ITA"]
[Date "2005.12.27"]
[Round "1"]
[White "Faraci, Libero"]
[Black "Cecchini, Massimo"]
[Result "1/2-1/2"]
[WhiteElo "1613"]
[BlackElo "1676"]
[PlyCount "55"]
[EventDate "2005.12.27"]

1. Nf3 d5 2. g3 Nf6 3. Bg2 e6 4. O-O Nbd7 5. d4 c5 6. c4 cxd4 7. Qxd4 Be7 8.
cxd5 Bc5 9. Qh4 Nxd5 10. Qxd8+ Kxd8 11. a3 a5 12. e4 Ne7 13. Nc3 Ng6 14. Rd1
Ke7 15. a4 Nb6 16. b3 Bd7 17. Bb2 Bc6 18. Rac1 Rac8 19. Kf1 Nd7 20. Nb5 f6 21.
Nfd4 Bxd4 22. Nxd4 Nde5 23. Ba3+ Kf7 24. Nxc6 Rxc6 25. Rxc6 bxc6 26. f4 Ng4 27.
Rd7+ Ke8 28. Rc7 1/2-1/2

[Event "XVI Festival C"]
[Site "Robecchetto con Induno ITA"]
[Date "2005.12.27"]
[Round "1"]
[White "Giordanetti, Giuseppe"]
[Black "Lanza, Francesco Paolo"]
[Result "1-0"]
[WhiteElo "1694"]
[BlackElo "1634"]
[PlyCount "97"]
[EventDate "2005.12.27"]

1. Nf3 Nf6 2. c4 b6 3. b3 Bb7 4. e3 e6 5. Bb2 d5 6. Be2 dxc4 7. bxc4 c5 8. O-O
Be7 9. Nc3 O-O 10. Qc2 Nc6 11. a3 Na5 12. d3 Nd7 13. Rad1 Bf6 14. Nd2 Be5 15.
Bf3 Qh4 16. g3 Qe7 17. Bxb7 Nxb7 18. Nf3 Qf6 19. Nxe5 Nxe5 20. Ne4 Nf3+ 21. Kg2
Qf5 22. Qe2 Ng5 23. Nxg5 Qxg5 24. f4 Qg6 25. Qf3 Nd6 26. e4 Rad8 27. f5 Qg5 28.
h4 Qe7 29. Qg4 f6 30. fxe6 Rde8 31. e5 fxe5 32. Bxe5 Rxf1 33. Rxf1 Rf8 34.
Rxf8+ Kxf8 35. Qf4+ Ke8 36. Bxd6 Qxe6 37. Qe5 Kd7 38. Qxe6+ Kxe6 39. Bb8 a6 40.
a4 Kd7 41. Kf3 Kc6 42. Be5 g6 43. Ke4 b5 44. cxb5+ axb5 45. axb5+ Kxb5 46. Kd5
Kb6 47. g4 Kb5 48. Bc3 h6 49. h5 1-0

[Event "XVI Festival C"]
[Site "Robecchetto con Induno ITA"]
[Date "2005.12.27"]
[Round "1"]
[White "Giusti, Francesco"]
[Black "Chiodini, Walter"]
[Result "0-1"]
[WhiteElo "1628"]
[BlackElo "1700"]
[PlyCount "40"]
[EventDate "2005.12.27"]

1. e4 d6 2. Nf3 Nf6 3. Nc3 g6 4. d4 Bg7 5. Bc4 c6 6. O-O b5 7. Bb3 b4 8. Na4
Nxe4 9. Qe1 Nf6 10. Qxb4 O-O 11. Re1 Nbd7 12. Qc4 Bb7 13. Ng5 e6 14. Qb4 Nb6
15. Bf4 h6 16. Nf3 c5 17. dxc5 dxc5 18. Qxc5 Rc8 19. Rad1 Nxa4 20. Rxd8 Nxc5
0-1

[Event "XVI Festival C"]
[Site "Robecchetto con Induno ITA"]
[Date "2005.12.27"]
[Round "1"]
[White "Madaschi, Sergio"]
[Black "Colombo, Sandro"]
[Result "0-1"]
[WhiteElo "1595"]
[BlackElo "1712"]
[PlyCount "70"]
[EventDate "2005.12.27"]

1. e4 c5 2. Nf3 Nc6 3. d4 cxd4 4. Nxd4 Nf6 5. Nc3 e5 6. Ndb5 d6 7. Bg5 a6 8.
Na3 b5 9. Nd5 Be7 10. Bxf6 Bxf6 11. c3 O-O 12. Nc2 Bg5 13. Bd3 Bb7 14. O-O Ne7
15. Nce3 Bxe3 16. Nxe3 d5 17. exd5 Nxd5 18. Qe2 Nf4 19. Bxh7+ Kxh7 20. Qc2+ g6
21. Rad1 Qg5 22. f3 Nh3+ 23. Kh1 Qxe3 24. Rde1 Qf4 25. gxh3 Bxf3+ 26. Kg1 Qg5+
27. Kf2 Qg2+ 28. Ke3 Qxc2 29. Rxf3 Rad8 30. Re2 Rd3+ 31. Kf2 Rxf3+ 32. Kxf3
Qf5+ 33. Kg2 Rd8 34. Rf2 Rd2 35. Rxd2 Qg5+ 0-1

[Event "XVI Festival C"]
[Site "Robecchetto con Induno ITA"]
[Date "2005.12.27"]
[Round "1"]
[White "Torretta, Gilberto"]
[Black "Longo, Giovanni"]
[Result "1/2-1/2"]
[WhiteElo "1664"]
[BlackElo "1724"]
[PlyCount "85"]
[EventDate "2005.12.27"]

1. e4 c6 2. d4 d5 3. exd5 cxd5 4. Nc3 Nf6 5. Bf4 Bg4 6. f3 Bf5 7. Bd3 Bxd3 8.
Qxd3 a6 9. Nh3 e6 10. O-O g6 11. Nd1 b5 12. Ne3 Bg7 13. c3 O-O 14. a4 bxa4 15.
Rxa4 Nh5 16. Nc2 Nxf4 17. Nxf4 Qb6 18. b4 Rc8 19. Rfa1 Rc4 20. Ne2 Nd7 21. Na3
Rcc8 22. Nc2 Rc4 23. Ne3 Rcc8 24. Rxa6 Qb7 25. Rxa8 Rxa8 26. Rxa8+ Qxa8 27. c4
Qa6 28. b5 dxc4 29. Qxc4 Qa1+ 30. Kf2 Qb2 31. Kg3 Nb6 32. Qd3 Qb4 33. Ng4 h5
34. Ne5 g5 35. Kf2 Qd6 36. Nc4 Nxc4 37. Qxc4 Qxh2 38. Qc8+ Kh7 39. b6 Bxd4+ 40.
Nxd4 Qh4+ 41. Kf1 Qxd4 42. b7 Qd1+ 43. Kf2 1/2-1/2

[Event "XVI Festival C"]
[Site "Robecchetto con Induno ITA"]
[Date "2005.12.27"]
[Round "2"]
[White "Cecchini, Massimo"]
[Black "Torretta, Gilberto"]
[Result "1-0"]
[WhiteElo "1676"]
[BlackElo "1664"]
[PlyCount "25"]
[EventDate "2005.12.27"]

1. d4 Nf6 2. Bg5 Ne4 3. Bf4 g5 4. Bg3 Nxg3 5. hxg3 d5 6. Nf3 e6 7. e3 Nd7 8.
Nbd2 b6 9. Bd3 f5 10. Bb5 a6 11. Bc6 Rb8 12. Ne5 Bb7 13. Qh5+ 1-0

[Event "XVI Festival C"]
[Site "Robecchetto con Induno ITA"]
[Date "2005.12.27"]
[Round "2"]
[White "Chiodini, Walter"]
[Black "Cillo, Angelo"]
[Result "0-1"]
[WhiteElo "1700"]
[BlackElo "1738"]
[PlyCount "67"]
[EventDate "2005.12.27"]

1. e4 e5 2. Nf3 Nc6 3. g3 Bc5 4. Bg2 Nf6 5. d3 O-O 6. Nbd2 d6 7. c3 Bg4 8. a4
a6 9. h3 Be6 10. Ng5 Bd7 11. Nc4 Qc8 12. b4 Ba7 13. Nf3 Re8 14. Bg5 d5 15. Bxf6
dxc4 16. Bg5 f6 17. Bc1 cxd3 18. Qxd3 Rd8 19. Qe2 Be6 20. Be3 Bxe3 21. Qxe3 Rd6
22. h4 Bc4 23. Bf1 Bxf1 24. Kxf1 Qd7 25. Kg2 Rd3 26. Qc5 Rd8 27. b5 axb5 28.
axb5 Ne7 29. Ra7 Rb8 30. Rha1 Ng6 31. Qc4+ Kh8 32. Ra8 Rd8 33. Rxd8+ Qxd8 34.
Qxd3 0-1

[Event "XVI Festival C"]
[Site "Robecchetto con Induno ITA"]
[Date "2005.12.27"]
[Round "2"]
[White "Colombo, Sandro"]
[Black "Giordanetti, Giuseppe"]
[Result "1-0"]
[WhiteElo "1712"]
[BlackElo "1694"]
[PlyCount "79"]
[EventDate "2005.12.27"]

1. c4 Nf6 2. Nc3 e6 3. e4 c5 4. Nf3 d6 5. d4 cxd4 6. Nxd4 Be7 7. Be2 Nc6 8. Be3
a6 9. O-O Qc7 10. Qd2 e5 11. Nc2 Bg4 12. f3 Be6 13. Nd5 Bxd5 14. cxd5 Nb8 15.
Rac1 Qd8 16. Na3 O-O 17. Qc3 Nbd7 18. Qc7 Qc8 19. Rc2 Qxc7 20. Rxc7 b5 21. Rfc1
Rfd8 22. Nc2 Rdc8 23. Nb4 Rxc7 24. Rxc7 Bd8 25. Rc6 Ne8 26. Rxa6 Rxa6 27. Nxa6
Nc7 28. Nxc7 Bxc7 29. Bxb5 Nb8 30. a4 Kf8 31. b4 Ke7 32. a5 Kd8 33. a6 Kc8 34.
a7 Kb7 35. Bc6+ Nxc6 36. dxc6+ Ka8 37. b5 Bb8 38. b6 Bxa7 39. bxa7 g6 40. c7
1-0

[Event "XVI Festival C"]
[Site "Robecchetto con Induno ITA"]
[Date "2005.12.27"]
[Round "2"]
[White "Greco, Umberto"]
[Black "Giusti, Francesco"]
[Result "1/2-1/2"]
[WhiteElo "1605"]
[BlackElo "1628"]
[PlyCount "81"]
[EventDate "2005.12.27"]

1. d4 d5 2. c4 dxc4 3. Qa4+ c6 4. Qxc4 Be6 5. Qd3 g6 6. Nf3 Bg7 7. e3 Nf6 8.
Nc3 O-O 9. Be2 Na6 10. Qd1 Nc7 11. O-O Ncd5 12. Bd2 Nxc3 13. Bxc3 Bd5 14. Nd2
Qd7 15. Bf3 e6 16. Re1 Bxf3 17. Nxf3 Rad8 18. Ne5 Qc7 19. Bb4 Rfe8 20. Qa4 Rd5
21. Qxa7 Rb5 22. Qa4 Nd5 23. Bc3 Bxe5 24. dxe5 Nxc3 25. bxc3 Qxe5 26. Qd4 Qh5
27. c4 Ra5 28. Reb1 c5 29. Qc3 Rea8 30. a3 R8a7 31. h3 Ra4 32. Rd1 Ra8 33. Rd7
Qh4 34. f4 Qh5 35. Rad1 Rf8 36. Rd8 Ra8 37. R8d7 Qe2 38. Rb1 Ra5 39. Rd3 Qa2
40. Rc1 Rfa8 41. Rcd1 1/2-1/2

[Event "XVI Festival C"]
[Site "Robecchetto con Induno ITA"]
[Date "2005.12.27"]
[Round "2"]
[White "Lanza, Francesco Paolo"]
[Black "Madaschi, Sergio"]
[Result "1-0"]
[WhiteElo "1634"]
[BlackElo "1595"]
[PlyCount "61"]
[EventDate "2005.12.27"]

1. e4 c5 2. Nf3 Nc6 3. c3 Nf6 4. d3 d6 5. Be2 e6 6. Bg5 Be7 7. Nbd2 Qc7 8. Qc2
Bd7 9. a3 a5 10. O-O O-O 11. Rfe1 a4 12. c4 h6 13. Bf4 Rac8 14. Bg3 Nh5 15. Bh4
Bxh4 16. Nxh4 Nd4 17. Qd1 Nxe2+ 18. Qxe2 Nf6 19. f4 Bc6 20. Rf1 Rfe8 21. Rf3
Re7 22. Rg3 Rd8 23. Qe3 Kh8 24. f5 Bd7 25. Rf1 Rf8 26. fxe6 Rxe6 27. Nf5 Ne8
28. Rf4 Qd8 29. Rh4 Kh7 30. Nf3 Rf6 31. Ng5+ 1-0

[Event "XVI Festival C"]
[Site "Robecchetto con Induno ITA"]
[Date "2005.12.27"]
[Round "2"]
[White "Longo, Giovanni"]
[Black "Faraci, Libero"]
[Result "1/2-1/2"]
[WhiteElo "1724"]
[BlackElo "1613"]
[PlyCount "108"]
[EventDate "2005.12.27"]

1. e4 c5 2. Nf3 g6 3. Be2 e6 4. c4 Nc6 5. d4 cxd4 6. Nxd4 Qc7 7. O-O Nf6 8. Nc3
Be7 9. b3 d6 10. Bb2 O-O 11. Rc1 b6 12. Nxc6 Qxc6 13. Bf3 e5 14. Qc2 Be6 15.
Rfd1 Rac8 16. Rd2 Qb7 17. Qd1 b5 18. Nd5 Bxd5 19. cxd5 Rxc1 20. Qxc1 Rc8 21.
Rc2 Rxc2 22. Qxc2 Nd7 23. Bg4 Nc5 24. b4 Na4 25. Bc8 Qb6 26. Bc1 Qd4 27. a3 Qa1
28. Ba6 Nc3 29. Kf1 Na2 30. Qb2 Qxc1+ 31. Qxc1 Nxc1 32. Bxb5 Na2 33. Bc6 Bd8
34. Ke2 Bb6 35. f3 Kf8 36. Kd2 Ke7 37. Kc2 Kd8 38. Kb2 Nxb4 39. axb4 Bd4+ 40.
Kb3 Kc7 41. b5 g5 42. g3 Bg1 43. h4 h6 44. Kc3 Bf2 45. hxg5 hxg5 46. g4 f6 47.
Kb4 Kb6 48. Kc4 Bc5 49. Kd3 Bg1 50. Ke2 Bc5 51. Kf1 Ka5 52. Kg2 Bb6 53. Kg3 Bc5
54. Bd7 Kb6 1/2-1/2

[Event "XVI Festival C"]
[Site "Robecchetto con Induno ITA"]
[Date "2005.12.28"]
[Round "3"]
[White "Colombo, Sandro"]
[Black "Cillo, Angelo"]
[Result "1-0"]
[WhiteElo "1712"]
[BlackElo "1738"]
[PlyCount "57"]
[EventDate "2005.12.27"]

1. c4 e6 2. Nc3 Nf6 3. e4 d5 4. e5 Nfd7 5. d4 Bb4 6. Qg4 Kf8 7. Nf3 c5 8. Bd3
cxd4 9. cxd5 Bxc3+ 10. bxc3 exd5 11. Qxd4 Qa5 12. O-O Nc6 13. Qf4 Qxc3 14. e6
Nf6 15. Qd6+ Kg8 16. exf7+ Kxf7 17. Ng5+ Kg8 18. Ba3 Bg4 19. Qc7 Bh5 20. Bf8
Ng4 21. Bf5 Qe5 22. Qxe5 Ngxe5 23. Bc5 d4 24. f4 Nf7 25. g4 Nxg5 26. fxg5 Bf7
27. Be4 Bc4 28. a3 Bxf1 29. Bd5# 1-0

[Event "XVI Festival C"]
[Site "Robecchetto con Induno ITA"]
[Date "2005.12.28"]
[Round "3"]
[White "Faraci, Libero"]
[Black "Lanza, Francesco Paolo"]
[Result "1-0"]
[WhiteElo "1613"]
[BlackElo "1634"]
[PlyCount "99"]
[EventDate "2005.12.27"]

1. Nf3 d5 2. b4 b6 3. Bb2 Bb7 4. e3 e6 5. Be2 Nf6 6. a3 Nbd7 7. O-O a5 8. b5 c6
9. bxc6 Bxc6 10. Nd4 Bb7 11. a4 Be7 12. Nc3 O-O 13. f4 e5 14. Nf5 Re8 15. fxe5
Nxe5 16. Nb5 Ng6 17. Qe1 Bc8 18. Nxe7+ Qxe7 19. Bxf6 gxf6 20. Qg3 Kh8 21. Nc7
Rg8 22. Nxd5 Qe6 23. Nc7 Qe4 24. Bf3 Qxc2 25. Nxa8 Ne5 26. Qh4 Nxf3+ 27. Rxf3
Qc6 28. Qxf6+ Qxf6 29. Rxf6 Bb7 30. g3 Bxa8 31. Raf1 Rg4 32. Rxb6 Rxa4 33. Rb8+
Kg7 34. Rxa8 Ra2 35. Ra7 a4 36. d4 a3 37. Rf2 Ra1+ 38. Kg2 Kg6 39. d5 Rd1 40.
Rxa3 Rxd5 41. Ra6+ Kg7 42. Rf4 Rd7 43. h4 Re7 44. Kh2 Kg8 45. Kh3 Kg7 46. e4
Kg8 47. Raf6 Kg7 48. Rxf7+ Rxf7 49. Rxf7+ Kxf7 50. Kg4 1-0